000 00570nam a2200217Ia 4500
003 OSt
005 20220918230703.0
006 a|||||r|||| 00| 0
007 ta
008 220917b |||||||| |||| 00| 0 eng d
024 _a257,107
037 _cTextual
040 _aARTS
_cARTS
_beng
041 _2eng
_aeng
082 _a2:97, L51;1
100 _aRijsbergen C J Van
_9153029
245 0 _aInformational reterieval
260 _aLondon
_bButterworths
_c1975
942 _h2:97, L51;1
_cTEXL
_2CC
999 _c288642
_d288642